World Topics Year Book 1993 : A Review of the Event of 1992
Salvato in:
| Natura: | Libro |
|---|---|
| Lingua: | inglese |
| Pubblicazione: |
Lake Bluff :
Tangley Oaks Educational Center the United Educators, Inc,
1993
|
| Edizione: | 1.vyd. |
| Soggetti: | |
| Tags: |
Nessun Tag, puoi essere il primo ad aggiungerne!!
|
MARC
| LEADER | 00000nam a22000003a 4500 | ||
|---|---|---|---|
| 001 | stu7190 | ||
| 005 | 20220616105334.2 | ||
| 008 | 941214s1993----xxu-----------------eng-d | ||
| 040 | |a STU |b slo | ||
| 041 | 0 | |a eng | |
| 044 | |a xxu | ||
| 080 | |a 058 | ||
| 245 | |a World Topics Year Book 1993 : |b A Review of the Event of 1992 | ||
| 250 | |a 1.vyd. | ||
| 260 | |a Lake Bluff : |b Tangley Oaks Educational Center the United Educators, Inc, |c 1993 | ||
| 300 | |a 608 s | ||
| 650 | 7 | |a ročenky |2 stusub | |
| 650 | 7 | |a svetové udalosti |2 stusub | |
| 996 | |b 284EK08599 |c E*79438 |l EE0101 |s P |a 0 |w stu7190_0001 | ||